Países que fazem fronteira com: Níger23# - Statistics

Estatísticas Gerais
  • Esse quiz foi jogado 70 vezes
  • A pontuação média é 6 de 7
Estatísticas das Respostas
País % Correto
Nigéria
100%
Chade
89%
Mali
87%
Argélia
84%
Líbia
79%
Benim
73%
Burkina Faso
67%
Nenhum quiz correspondente encontrado
Distribuição das Pontuações
Porcentagem de Pessoas com Cada Pontuação
Percentil de Números Respondidos
Sua Pontuação Histórica
Você não jogou esse quiz